000 01289nam a2200241Ia 4500
003 Ost
005 20260507075354.0
008 260507s9999||||xx |||||||||||||| ||und||
020 _a73563419779
040 _cfsecg
041 _aara
082 _a330
100 _aيوسف، حسن يوسف
_eمؤلف
245 0 _aالتمويل في المؤسسات الإقتصادية :
_bالتحليل المالي في المؤسسات-التوازن المالي-وسائل التمويل-معايير الإختيار والمفاضلة /
_c حسن يوسف يوسف
260 _aالإسكندرية:
_bدار التعليم الجامعي,
_c2012
300 _a322 صفحة؛
_bإيضاحات ؛
_c24 سم
504 _aالمراجع ص.311
520 _aالوظيفة المالية في المؤسسة الإقتصادية- التحليل المالي وأدوات التوازن المالي في إطار ميزانية المؤسسة- الدراسة التطبيقية- مخطط العمل- المؤسسة الإقتصادية وتمويلها- وسائل التمويل- دورة الإدارة المالية ومعايير الإختيار.
653 _aالإقتصاد
653 _aالتمويل
653 _aالمؤسسات التجارية
942 _cكتاب
999 _c44184
_d44184